Statistiche per Vincitori Festival di Sanremo

Clicka qui per fare il quiz!

Statistiche generali

  • Questo quiz è stato fatto 81 volte
  • Il punteggio medio è 41 su 73

Statistiche sulle risposte

AnnoVincitoreCanzone vincitrice% Corretto
2023Marco MengoniDue vite
97%
2013Marco MengoniL'essenziale
97%
2017Francesco GabbaniOccidentali's Karma
94%
2022Mahmood e BlancoBrividi
94%
2021MåneskinZitti e buoni
94%
2019MahmoodSoldi
93%
2020DiodatoFai rumore
90%
1966Domenico Modugno e Gigliola CinquettiDio come ti amo
90%
1962Domenico Modugno e Claudio VillaAddio... addio
85%
1958Domenico Modugno e Johnny DorelliNel blu dipinto di blu
85%
1959Domenico Modugno e Johnny DorelliPiove (ciao ciao bambina)
85%
2018Ermal Meta e Fabrizio MoroNon mi avete fatto niente
85%
2015Il VoloGrande amore
85%
2012EmmaNon è l'inferno
84%
2001ElisaLuce (tramonti a nord est)
82%
2014ArisaControvento
81%
1987Gianni Morandi, Enrico Ruggeri e Umberto TozziSi può dare di più
81%
1995GiorgiaCome saprei
79%
1997JalisseFiumi di parole
76%
1988Massimo RanieriPerdere l'amore
76%
1985Ricchi e PoveriSe m'innamoro
76%
1986Eros RamazzottiAdesso tu
75%
2005Francesco RengaAngelo
75%
1964Gigliola Cinquetti e Patricia CarliNon ho l'età (per amarti)
73%
1967Claudio Villa e Iva ZanicchiNon pensare a me
70%
2016StadioUn giorno mi dirai
69%
1984Al Bano e Romina PowerCi sarà
67%
1990PoohUomini soli
67%
2006PoviaVorrei avere il becco
67%
2011Roberto VecchioniChiamami ancora amore
66%
2007Simone CristicchiTi regalerò una rosa
66%
1969Bobby Solo e Iva ZanicchiZingara
64%
1974Iva ZanicchiCiao cara come stai?
64%
2009Marco CartaLa forza mia
61%
1989Anna Oxa e Fausto LealiTi lascerò
60%
1993Enrico RuggeriMistero
58%
1952Nilla PizziVola Colomba
58%
1951Nilla PizziGrazie dei fiori
58%
1996Ron e ToscaVorrei incontrarti fra cent'anni
58%
2010Valerio ScanuPer tutte le volte che...
58%
1999Anna OxaSenza pietà
57%
2004Marco MasiniL'uomo volante
57%
1970Adriano Celentano e Claudia MoriChi non lavora non fa l'amore
55%
1980Toto CutugnoSolo noi
55%
1957Claudio Villa e Nunzio GalloCorde della mia chitarra
49%
1955Claudio Villa e Tullio PaneBuongiorno tristezza
49%
1991Riccardo CoccianteSe stiamo insieme
46%
2002Matia BazarMessaggio d'amore
45%
1978Matia Bazar...e dirsi ciao
45%
2008Giò Di Tonno e Lola PonceColpo di fulmine
40%
1965Bobby Solo e The New Christy MinstrelsSe piangi se ridi
39%
1992Luca BarbarossaPortami a ballare
37%
1981AlicePer Elisa
34%
1971Nada e Nicola Di BariIl cuore è uno zingaro
34%
1982Riccardo FogliStorie di tutti i giorni
34%
1972Nicola Di BariI giorni dell'arcobaleno
33%
1976Peppino di CapriNon lo faccio più
31%
1973Peppino di CapriUn grande amore e niente più
31%
2000Piccola Orchestra Avion TravelSentimento
30%
1994Aleandro BaldiPasserà
28%
1998Annalisa MinettiSenza te o con te
28%
2003AlexiaPer dire di no
27%
1977Homo SapiensBella da morire
22%
1983Tiziana RivaleSarà quel che sarà
19%
1963Tony Renis e Emilio PericoliUno per tutte
19%
1979Mino VergnaghiAmare
12%
1968Sergio Endrigo e Roberto CarlosCanzone per te
12%
1960Tony Dallara e Renato RascelRomantica
12%
1953Carla Boni e Flo Sandon'sViale d'autunno
10%
1975GildaRagazza del sud
10%
1961Betty Curtis e Luciano TajoliAl di là
9%
1956Franca RaimondiAprite le finestre
7%
1954Giorgio Consolini e Gino LatillaTutte le mamme
7%

Distribuzione punteggi

Percentile per numero di risposta

Percentuale di utenti per punteggio

I tuoi punteggi nel tempo

Non hai fatto questo quiz